00939nam a2200229 a 450000500170000000800410001704000250005804100080008304400070009110000320009824502740013026000800040430000100048465000220049465000170051665000190053365000270055265000300057965000160060965000280062566200560065320191224041548.0140224b1996 ck ||||| |||| 00| 0 spa d aCO-BoIAVHcCO-BoIAVH aspa ack aUsma Oviedo, Martha Cecilia aProyecto: materias primas naturales utilizadas en la elaboración de artesanías por las comunidades indígenas Waunan del bajo río San Juan (Chocó y Valle del Cauca)bEspecial referencia a la bIológia y fenologia de la Palma weguerr (astrocaryum standleyanum) aCalibArtesanías de ColombiabFundación FESbComunidad Indígenac1995 a86 p. aComunidad Wounaan aArtesanías aEtnobotánica aBotánica económica aEcología de poblaciones aFenología aManejo de biodiversidad aColombiacRío San JuanbChocó y Valle del Cauca